| 000 -LEADER |
| fixed length control field |
00559nam a2200205Ia 4500 |
| 001 - CONTROL NUMBER |
| control field |
14918 |
| 003 - CONTROL NUMBER IDENTIFIER |
| control field |
GE_BSU |
| 008 - FIXED-LENGTH DATA ELEMENTS--GENERAL INFORMATION |
| fixed length control field |
181216s||||||||xx |||||||||||||| ||und|| |
| 040 ## - CATALOGING SOURCE |
| Transcribing agency |
GE_BSU |
| 080 ## - UNIVERSAL DECIMAL CLASSIFICATION NUMBER |
| Universal Decimal Classification number |
517(075.8) |
| 100 ## - MAIN ENTRY--PERSONAL NAME |
| Personal name |
Бермант,А.Ф. |
| 245 ## - TITLE STATEMENT |
| Title |
Курс математического анализа. ч.2 |
| 260 ## - PUBLICATION, DISTRIBUTION, ETC. |
| Place of publication, distribution, etc. |
Москва |
| 260 ## - PUBLICATION, DISTRIBUTION, ETC. |
| Name of publisher, distributor, etc. |
Госиздат |
| 260 ## - PUBLICATION, DISTRIBUTION, ETC. |
| Date of publication, distribution, etc. |
1953 |
| 300 ## - PHYSICAL DESCRIPTION |
| Extent |
558стр. |
| 300 ## - PHYSICAL DESCRIPTION |
| Accompanying material |
Библиогр. стр.354-558 |
| 653 ## - INDEX TERM--UNCONTROLLED |
| Uncontrolled term |
Курс математического анализа |
| 942 ## - ADDED ENTRY ELEMENTS (KOHA) |
| Koha item type |
წიგნი |